Mapa Pieninského národného parku a jeho ochranného pásma vrátane území NATURA 2000

Bibliographic Details
Corporate Author: Vojenský kartografický ústav (Harmanec, Slovensko) (Author)
Other Authors: Kunštárová, Vladimíra (Photographer), Kĺč, Vladimír (Photographer)
Format: Map
Language:Slovak
PhysicalDescription:1 mapa fareb. 56 x 70 cm, zložené na 19 x 12 cm
Published: Banská Bystrica Štátna ochrana prírody Slovenskej republiky 2011
ISBN:9788089310623 (zložené)
Subjects:

MARC

LEADER 00000cem a2200000 a 4500
001 vtls010335566
003 SK-MaSNL
005 20260425235728.0
007 aj cazzn
008 120118s2007 xo ajmb a 0 slo
015 |a SNBC2013 
020 |a 9788089310623 (zložené) 
034 1 |a a  |b 50000 
040 |a SNK  |b slo  |c SNK  |e AACR2 
041 0 |a slo 
043 |a e-xo--- 
044 |a xo  |c SK 
072 7 |a 502  |x Životné prostredie a jeho ochrana  |2 konspekt 
072 7 |a 912  |x Mapy. Atlasy  |2 konspekt 
080 |a 502.21(1-751)  |2 2001 
080 |a 502.21(1-751.2):598.2  |2 2001 
080 |a 913(437.6)  |2 2001 
080 |a (084.3)  |2 2001 
110 2 |a Vojenský kartografický ústav (Harmanec, Slovensko)  |4 aut  |9 32777 
245 1 0 |a Mapa Pieninského národného parku a jeho ochranného pásma vrátane území NATURA 2000  |h kartografický dokument  |c spracoval: Vojenský kartografický ústav Harmanec ; autori fotografií: V Kunštárová, V. Kĺč 
246 3 0 |a NATURA 2000 - Pieninský národný park 
255 |a Mierka 1:50 000 
260 |a Banská Bystrica  |b Štátna ochrana prírody Slovenskej republiky  |c 2011 
300 |a 1 mapa  |b fareb.  |c 56 x 70 cm, zložené na 19 x 12 cm 
366 |e 2000 výt. 
610 2 7 |a NATURA 2000 (sústava chránených území)  |2 SNKKA  |9 94538 
650 0 7 |a chránené územia  |2 SNKPH  |9 3785 
650 0 7 |a národné parky  |2 SNKPH  |9 3797 
651 7 |a Pieninský národný park (Slovensko)  |2 SNKPH  |9 13216 
651 7 |a Pieniny (Poľsko a Slovensko : pohorie)  |2 SNKPH  |9 17492 
651 7 |a Slovensko  |2 SNKPH  |9 14231 
655 7 |a tematické mapy  |2 SNKPH  |9 291749 
655 7 |a prírodovedecké mapy  |2 SNKPH  |9 544402 
700 1 |a Kunštárová, Vladimíra  |4 pht  |9 316889 
700 1 |a Kĺč, Vladimír  |4 pht  |9 329282 
852 |a Štátna vedecká knižnica v Banskej Bystrici 
919 |a 978-80-89310-62-3 
999 |c 836729  |d 838659 
952 |a SNK  |b SNK  |y PREZ  |7 0  |p 17A1017616  |o snkSLBm 575  |i snk2012/13077  |8 0  |0 0  |1 0  |4 0  |d 2012-07-03  |l 0  |r 2026-02-24 03:57:14  |w 2026-02-24 
952 |a SNK  |b SNK  |y VYP  |7 0  |p 17A1017617  |o snkSLBm 575 D1  |i snk2012/13078  |8 0  |0 0  |1 0  |4 0  |d 2012-07-03  |l 0  |r 2026-02-24 03:57:14  |w 2026-02-24